God's Little Devotional Book for Leaders/ for Dads/ for Teachers (Record no. 11348)

MARC details
000 -LEADER
fixed length control field 00634nam a2200241 a 4500
001 - CONTROL NUMBER
control field 0001-1348
003 - CONTROL NUMBER IDENTIFIER
control field ELIB.Books
008 - FIXED-LENGTH DATA ELEMENTS--GENERAL INFORMATION
fixed length control field 150914 2010 eng
020 ## - INTERNATIONAL STANDARD BOOK NUMBER
International Standard Book Number 1562923765
035 ## - SYSTEM CONTROL NUMBER
System control number (ELIB.Books)0001-1503
092 ## - LOCALLY ASSIGNED DEWEY CALL NUMBER (OCLC)
Classification number 242
Item number HB
100 ## - MAIN ENTRY--PERSONAL NAME
Personal name Honor
245 ## - TITLE STATEMENT
Title God's Little Devotional Book for Leaders/ for Dads/ for Teachers
260 ## - PUBLICATION, DISTRIBUTION, ETC. (IMPRINT)
Place of publication, distribution, etc. Oklahoma
Name of publisher, distributor, etc. Honor Books
Date of publication, distribution, etc. 1997
300 ## - PHYSICAL DESCRIPTION
Extent 309
Dimensions 18.5 Cm
500 ## - GENERAL NOTE
General note Dr. Min Oo
650 ## - SUBJECT ADDED ENTRY--TOPICAL TERM
Topical term or geographic name as entry element Devotional
856 ## - ELECTRONIC LOCATION AND ACCESS
Name of location of host KBTS: Library
Uniform Resource Identifier <a href="KBTS: Elib">KBTS: Elib</a>
942 ## - ADDED ENTRY ELEMENTS (KOHA)
Source of classification or shelving scheme Dewey Decimal Classification
Koha item type Books
990 ## - EQUIVALENCES OR CROSS-REFERENCES [LOCAL, CANADA]
Link information for 9XX fields 4
998 ## - LOCAL CONTROL INFORMATION (RLIN)
Cataloger's initials, CIN (RLIN) bat
-- 2015-09-14
-- cat
-- 2021-01-19
Holdings
Withdrawn status Lost status Source of classification or shelving scheme Damaged status Not for loan Home library Current library Date acquired Total Checkouts Barcode Date last seen Bill Date Koha item type
    Dewey Decimal Classification     Karen Baptist Theological Seminary Library Karen Baptist Theological Seminary Library 14/09/2015   15641, 15615, , 1564 22/01/2022 22/01/2022 Books
Implemented & Customized by: BestBookBuddies

Powered by Koha